000 00359nam a22001457a 4500
020 _qPB.
040 _cFizza Ishaq
082 _a006.37
_bSZE
100 _aRichard, Szeliski.
_9129834
245 _aComputer Vision Algorithms Applications /
_cSzeliski Richard.
250 _a2nd Ed.
260 _bSpringer,
_c2022.
300 _a947 P. ;
942 _2ddc
_cBK
999 _c614362
_d614362